E-business and e-commerce management : strategy, implementation, and practice
Guardado en:
| Autor principal: | |
|---|---|
| Formato: | Libro |
| Publicado: |
Harlow:
Pearson Education,
c2007.
|
| Edición: | 5th ed. |
| Materias: | |
| Etiquetas: |
Agregar Etiqueta
Sin Etiquetas, Sea el primero en etiquetar este registro!
|
MARC
| LEADER | 00000nam a2200000 4500 | ||
|---|---|---|---|
| 020 | |a 9789332511170 |c Tzs 134891/= | ||
| 040 | |a MUL |b eng |e AACR | ||
| 082 | |a 658.872 CHA | ||
| 100 | |a Chaffey, Dave | ||
| 245 | |a E-business and e-commerce management : strategy, |b implementation, and practice |c / Dave Chaffey | ||
| 250 | |a 5th ed. | ||
| 260 | |a Harlow: |b Pearson Education, |c c2007. | ||
| 300 | |a xxviii, 663 pages : |b color illustrations ; |c 27 cm | ||
| 504 | |a Includes references and index | ||
| 650 | |a Electronic commerce | ||
| 650 | |a Business enterprises--Computer networks | ||
| 650 | |a Internet service providers | ||
| 942 | |c BK | ||
| 999 | |c 6326 |d 6326 | ||